Score 0/24 Timer 03:00
3 Plays Today
Movie 1 Overlapping Word % Correct
My Big Fat Greek...Wedding
99.4%
The Lion...King
98.7%
Singin' in the...Rain
98.2%
American...Beauty
98.2%
The Wolf of Wall...Street
97.3%
It Happened One...Night
97.2%
Stand By...Me
96.8%
Once Upon a Time in the...West
95.5%
In the Mood for...Love
95%
The Blair Witch...Project
94.8%
House of the...Dead
94.3%
Sin...City
94.2%
Movie 1 Overlapping Word % Correct
The Princess...Bride
93.1%
The Truman...Show
91.3%
The Secret in Their...Eyes
90.6%
Raging...Bull
87.6%
Sling...Blade
85.9%
Eternal Sunshine of the Spotless...Mind
84.1%
The Elephant...Man
82.5%
The Best Exotic Marigold...Hotel
82%
Cape...Fear
81.9%
The Gold...Rush
76.4%
The Great...Escape
62.2%
Paths of...Glory
51.2%
Come Together.
Have Fun.
All Virtual.
We all need to come together. Play Sporcle's virtual live trivia to have fun, connect with people, and get your trivia on. Join a live hosted trivia game for your favorite pub trivia experience done virtually. If a virtual private party is more your thing, go here for details.

You're not logged in!

Compare scores with friends on all Sporcle quizzes.
OR
Log In

Sporcle TV

Today on Sporcle TV


Watch our educational content, quiz creation guides, and fun videos on Sporcle TV.

Show Comments

Extras

Top Quizzes Today


Score Distribution

Paid Content

Your Account Isn't Verified!

In order to create a playlist on Sporcle, you need to verify the email address you used during registration. Go to your Sporcle Settings to finish the process.

Report this User

Report this user for behavior that violates our Community Guidelines.

Details: